000 00343nam a22001457a 4500
003 OSt
005 20160727222420.0
008 160627b xxu||||| |||| 00| 0 eng d
040 _cTEST
100 _91247
_aGallant, R.A
245 _aOur Universe
260 _aWASHINGTON
_bNATIONAL GEOGRAPHIC
_c1994
300 _aOur Universe
942 _2ddc
_cBK
999 _c1021
_d1021